The Meeting Place- The Last Shadow Puppets - Statistics

General Stats
  • This quiz has been taken 8 times
  • The average score is 161 of 198
Answer Stats
Answer % Correct
all
100%
And
100%
and
100%
As
100%
darling,
100%
echoes
100%
had
100%
he
100%
He
100%
her
100%
I
100%
"I'm
100%
I'm
100%
left
100%
meeting
100%
met
100%
night
100%
night,
100%
place
100%
she
100%
She
100%
so
100%
sorry,
100%
sorry
100%
still
100%
The
100%
the
100%
there
100%
to
100%
To
100%
voice
100%
you,
100%
you"
100%
away
75%
back
75%
For
75%
from
75%
hard
75%
He's
75%
him
75%
his
75%
His
75%
it
75%
I've
75%
love
75%
steer
75%
tried
75%
Where
75%
words
75%
around,
50%
at
50%
be
50%
Because
50%
But
50%
clings
50%
colder
50%
come
50%
consciousness
50%
cruel
50%
crying
50%
day
50%
doesn't
50%
during
50%
everyone
50%
fools
50%
further
50%
heart
50%
himself
50%
in
50%
into
50%
is
50%
knew
50%
lays
50%
like
50%
nights
50%
out
50%
playing
50%
she's
50%
sleep
50%
stranded
50%
strolled
50%
struggles
50%
they
50%
They
50%
time
50%
turned
50%
was
50%
weeks
50%
worried
50%
would
50%
being
25%
drag
25%
dreams
25%
gets,
25%
led
25%
strays
25%
this
25%
waiting
25%
way
25%
whever
0%
No matching quizzes found
Score Distribution
Percent of People with Each Score
Percentile by Number Answered
Your Score History
You have not taken this quiz